书目信息 |
| 题名: |
Gulangyu islet
|
|
| 作者: | 梅青 著 | |
| 分册: | ||
| 出版信息: | 北京 中国建筑工业出版社 [2015.12] |
|
| 页数: | 143页 | |
| 开本: | 22cm | |
| 丛书名: | The series of gems of Chinese architecture | |
| 单 册: | ||
| 中图分类: | TU-881.2 | |
| 科图分类: | ||
| 主题词: | 建筑艺术--jian zhu yi shu--厦门市--图集 | |
| 电子资源: | ||
| ISBN: | 978-7-112-18590-0 | |
| 000 | 01076nam 2200277 450 | |
| 001 | 012017000055 | |
| 005 | 20190311094653.72 | |
| 010 | @a978-7-112-18590-0@dCNY98.00 | |
| 100 | @a20170822d2015 em y0chiy50 ba | |
| 101 | 0 | @aeng |
| 102 | @aCN@b110000 | |
| 105 | @aa z 000yy | |
| 200 | 1 | @aGulangyu islet@ftext & photo by Mei Qing@Ftext & photo by Mei Qing |
| 210 | @a北京@c中国建筑工业出版社@d[2015.12] | |
| 215 | @a143页@c图 (部分彩图)@d22cm | |
| 225 | 2 | @aThe series of gems of Chinese architecture |
| 312 | @a中文并列题名取自版权页 | |
| 314 | @a责任者规范汉译姓名: 梅青 | |
| 330 | @a本书以简要文字和大量精美图片, 详尽宣传和介绍了交织着殖民地建筑、中西合璧建筑、中国传统建筑等建筑形式的海岛之城鼓浪屿, 介绍了这些建筑的特色和装饰, 以及鼓浪屿的风土人情、名人轶事。 | |
| 410 | 0 | @12001 @aThe series of gems of Chinese architecture |
| 510 | 1 | @a鼓浪屿@zchi |
| 606 | 0 | @a建筑艺术@Ajian zhu yi shu@y厦门市@j图集 |
| 690 | @aTU-881.2@v5 | |
| 701 | 0 | @a梅青@Amei qing@4著 |
| 801 | 0 | @aCN@c20170916 |
| 905 | @a河南城建学院图书馆@b21353464-65@dTU-881.2@eM447@f2 | |
| Gulangyu islet/text & photo by Mei Qing.-北京:中国建筑工业出版社,[2015.12] |
| 143页:图 (部分彩图);22cm.-(The series of gems of Chinese architecture) |
| ISBN 978-7-112-18590-0:CNY98.00 |
| 本书以简要文字和大量精美图片, 详尽宣传和介绍了交织着殖民地建筑、中西合璧建筑、中国传统建筑等建筑形式的海岛之城鼓浪屿, 介绍了这些建筑的特色和装饰, 以及鼓浪屿的风土人情、名人轶事。 |
| ● |
| 相关链接 |
|
|
|
正题名:Gulangyu islet
索取号:TU-881.2/M447
 
预约/预借
| 序号 | 登录号 | 条形码 | 馆藏地/架位号 | 状态 | 备注 |
| 1 | 1244210 | 212442105 | 建筑库101/101建筑库 22排4列3层/ [索取号:TU-881.2/M447] | 在馆 | |
| 2 | 1353464 | 213534647 | 建筑库101/101建筑库 22排4列5层/ [索取号:TU-881.2/M447] | 在馆 | |
| 3 | 1353465 | 213534656 | 建筑库101/101建筑库 22排4列5层/ [索取号:TU-881.2/M447] | 在馆 |